000 00660nam a2200265Ia 4500
005 20260121170452.0
008 008 260114s9999 xx 000 0 eng d
020 _a9783319725635
037 _aEBOOK
040 _aCRL
040 _beng
040 _cCRL
041 _2eng
041 _aeng
084 _qCRL
100 _aThomas Sonar
_91064252
245 4 _aThe History of the Priority Di?pute between Newton and Leibniz
260 _bSpringer
260 _bSpringer
260 _c2018
856 _uhttps://link.springer.com/openurl?genre=book&isbn=978-3-319-72563-5
942 _cEBOOK
999 _c1629981
_d1629981